[Event "SVK-ch Blitz"]
[Site "Nitra"]
[Date "2022.10.29"]
[Round "1"]
[White "Kovac, Lubomir2222"]
[Black "Duracka, Adam"]
[Result "1-0"]
[WhiteElo "2000"]
[BlackElo "1370"]
[PlyCount "87"]
[EventDate "2022.10.29"]
[EventType "swiss"]
[EventRounds "13"]
[EventCountry "SVK"]
[SourceTitle "EXT 2024"]
[Source "ChessBase"]
[SourceDate "2023.10.10"]
[SourceVersion "1"]
[SourceVersionDate "2023.10.10"]
[SourceQuality "1"]

1. d4 Nf6 2. c4 g6 3. Nc3 Bg7 4. e4 d6 5. f3 0-0 6. Be3 Nc6 7. Nge2 a6 8. Qd2 Bd7 9. d5 Ne5 10. Ng3 c6 11. h3 Bc8 12. f4 Ned7 13. Bd3 e5 14. 0-0 Nc5 15. Bc2 Ne8 16. Rae1 Bd7 17. b4 Nxe4 18. Ncxe4 f5 19. Nc3 e4 20. Bd4 Qh4 21. Bxg7 Nxg7 22. Qe3 Rae8 23. Rd1 Rf6 24. Kh2 h6 25. Bb3 Kh7 26. c5 Nh5 27. Nxh5 gxh5 28. dxc6 bxc6 29. Rxd6 Rxd6 30. cxd6 Rg8 31. Qf2 Qxf2 32. Rxf2 Rg7 33. a3 Rg6 34. Re2 Kg7 35. Nd1 Rf6 36. Ne3 h4 37. Nc4 Kf8 38. a4 Ke8 39. a5 h5 40. Re3 c5 41. bxc5 Bb5 42. Ne5 Kd8 43. Bd1 Rh6 44. Nf7+ 1-0